Pirate Cliches - Statistics

General Stats
  • This quiz has been taken 7,214 times
  • The average score is 14 of 24
Answer Stats
Cliché % Correct
Yo-ho-ho and a bottle of {rum}!
95%
walk the {plank}
92%
Women and {children} first!
92%
Shiver me {timbers}!
91%
sent to Davy Jones's {Locker}
88%
Thar she {blows}!
86%
Batten down the {hatches}!
80%
Fire in the {hole}!
79%
sleep with the {fishes}
76%
dead men tell no {tales}
75%
Fifteen men on the dead man's {chest}--
69%
three sheets to the {wind}
67%
{Land} ho!
63%
Well, blow me {down}!
59%
between the devil and the {deep} {blue} sea
53%
Spanish pieces-of-{eight}
53%
a shot across the {bow}
50%
Weigh {anchor} and hoist the mizzen!
49%
give no {quarter}
40%
All hands {abandon} ship,
27%
Stand by to repel {boarders}!
26%
the {Sun} is over the yardarm
18%
kiss the gunner's {daughter}
10%
a letter of {marque} and reprisal
9%
No matching quizzes found
Score Distribution
Percent of People with Each Score
Percentile by Number Answered
Your Score History
You have not taken this quiz